<?xml version="1.0" encoding="UTF-8"?><?xml-stylesheet type="text/xsl" href="static/style.xsl"?><OAI-PMH xmlns="http://www.openarchives.org/OAI/2.0/" xmlns:xsi="http://www.w3.org/2001/XMLSchema-instance" xsi:schemaLocation="http://www.openarchives.org/OAI/2.0/ http://www.openarchives.org/OAI/2.0/OAI-PMH.xsd"><responseDate>2026-04-17T11:43:50Z</responseDate><request verb="GetRecord" identifier="oai:riubu.ubu.es:10259/5880" metadataPrefix="marc">https://riubu.ubu.es/oai/request</request><GetRecord><record><header><identifier>oai:riubu.ubu.es:10259/5880</identifier><datestamp>2023-10-05T12:36:48Z</datestamp><setSpec>com_10259_2699</setSpec><setSpec>col_10259_2727</setSpec></header><metadata><record xmlns="http://www.loc.gov/MARC21/slim" xmlns:doc="http://www.lyncode.com/xoai" xmlns:xsi="http://www.w3.org/2001/XMLSchema-instance" xmlns:dcterms="http://purl.org/dc/terms/" xsi:schemaLocation="http://www.loc.gov/MARC21/slim http://www.loc.gov/standards/marcxml/schema/MARC21slim.xsd">
<leader>00925njm 22002777a 4500</leader>
<datafield tag="042" ind1=" " ind2=" ">
<subfield code="a">dc</subfield>
</datafield>
<datafield tag="720" ind1=" " ind2=" ">
<subfield code="a">Bujes Garrido, Julia</subfield>
<subfield code="e">author</subfield>
</datafield>
<datafield tag="260" ind1=" " ind2=" ">
<subfield code="c">2017</subfield>
</datafield>
<datafield tag="520" ind1=" " ind2=" ">
<subfield code="a">La tesis doctoral titulada “Desarrollo de diferentes sensores electroquímicos para la determinación de cloruro” describe la puesta a punto de diferentes sensores electroquímicos específicos, desechables, reproducibles y sensibles mediante la utilización de tecnologías de microfabricación serigráfica para la determinación del ion cloruro.&#xd;
La impresión de sensores electroquímicos mediante serigrafía permite la obtención masiva y en serie de dispositivos uniformes en tamaño y geometría, que aseguran la reproducibilidad de las medidas que se efectúen con ellos con un reducido coste económico.&#xd;
El desarrollo de este tipo de sensores pretende generar nuevos conocimientos que permitan avances de carácter científico y de desarrollo tecnológico en el campo de sensores electroquímicos, en el que se abren nuevas posibilidades en la fabricación de dispositivos de medida serigrafiados sobre sustratos textiles para la monitorización y control de especies, además de la incorporación de nanomateriales, ya que proporcionan una mejora la sensibilidad y la selectividad de dichos sensores.&#xd;
Estos dispositivos se utilizan como transductores desechables para la determinación electroquímica de ion cloruro en diferentes muestras de una forma más eficiente que por los métodos habitualmente utilizados.</subfield>
</datafield>
<datafield tag="024" ind2=" " ind1="8">
<subfield code="a">http://hdl.handle.net/10259/5880</subfield>
</datafield>
<datafield tag="024" ind2=" " ind1="8">
<subfield code="a">10.36443/10259/5880</subfield>
</datafield>
<datafield ind1=" " ind2=" " tag="653">
<subfield code="a">Sensores electroquímicos</subfield>
</datafield>
<datafield ind1=" " ind2=" " tag="653">
<subfield code="a">Ion cloruro</subfield>
</datafield>
<datafield ind1=" " ind2=" " tag="653">
<subfield code="a">Fabricación serigráfica</subfield>
</datafield>
<datafield ind1=" " ind2=" " tag="653">
<subfield code="a">Nanomateriales</subfield>
</datafield>
<datafield ind1=" " ind2=" " tag="653">
<subfield code="a">Textiles inteligentes</subfield>
</datafield>
<datafield tag="245" ind1="0" ind2="0">
<subfield code="a">Desarrollo de diferentes sensores electroquímicos para la determinación de cloruro</subfield>
</datafield>
</record></metadata></record></GetRecord></OAI-PMH>